[Event "European Online Club-ch-C 2021"]
[Site "Online"]
[Date "2021.03.27"]
[Round "8.10"]
[White "Le Goff, Ronan"]
[Black "Donchenko, Alexander"]
[Result "0-1"]
[WhiteElo "2288"]
[BlackElo "2678"]
[Annotator "ChessBase"]
[PlyCount "114"]
[EventDate "2021.03.27"]
[EventType "team-tourn"]
[EventCountry "NET"]
[SourceTitle "playchess.com"]
[Source "ChessBase"]
[SourceQuality "1"]
[TimeControl "900+5"]

1. d4 {[%emt 0:00:00]} d5 {[%emt 0:00:06]} 2. Nf3 {[%emt 0:00:03]} Nf6 {[%emt 0:00:02]} 3. g3 {[%emt 0:00:01]} g6 {[%emt 0:00:09]} 4. Bg2 {[%emt 0:00:02]} Bg7 {[%emt 0:00:01]} 5. O-O {[%emt 0:00:01]} O-O {[%emt 0:00:02]} 6. c4 {[%emt 0:00:02]} c6 {[%emt 0:00:06]} 7. b3 {[%emt 0:00:12]} Bf5 {[%emt 0:00:41]} 8. Bb2 {[%emt 0:00:24]} Ne4 {[%emt 0:00:17]} 9. Nc3 {[%emt 0:01:12]} Nxc3 {[%emt 0:00:19]} 10. Bxc3 {[%emt 0:00:03]} Be4 {[%emt 0:00:07]} 11. Qd2 {[%emt 0:00:22]} Nd7 {[%emt 0:00:24]} 12. Rfe1 {[%emt 0:00:17]} e6 {[%emt 0:00:28]} 13. a4 {[%emt 0:00:38]} a5 {[%emt 0:00:45]} 14. Qb2 {[%emt 0:00:49]} Qb6 {[%emt 0:00:52]} 15. Ne5 {[%emt 0:00:56]} Nxe5 {[%emt 0:00:21]} 16. Bxe4 {[%emt 0:00:15]} Nxc4 {[%emt 0:00:23]} 17. bxc4 {[%emt 0:00:07]} Qxb2 {[%emt 0:00:00]} 18. Bxb2 {[%emt 0:00:02]} dxe4 {[%emt 0:00:01]} 19. Rab1 {[%emt 0:00:33]} Rfd8 {[%emt 0:00:13]} 20. e3 {[%emt 0:00:06]} Rd7 {[%emt 0:00:16]} 21. c5 {[%emt 0:01:16]} f5 {[%emt 0:00:46]} 22. Bc3 {[%emt 0:00:07]} Kf7 {[%emt 0:00:09]} 23. Rb3 {[%emt 0:00:04]} e5 {[%emt 0:00:20]} 24. dxe5 {[%emt 0:00:59]} Ke6 {[%emt 0:00:03]} 25. Reb1 {[%emt 0:00:03]} Ra7 {[%emt 0:00:08]} 26. Kf1 {[%emt 0:00:30]} Bxe5 {[%emt 0:00:53]} 27. Bxe5 {[%emt 0:00:05]} Kxe5 {[%emt 0:00:00]} 28. Ke2 {[%emt 0:00:03]} g5 {[%emt 0:00:59]} 29. R1b2 {[%emt 0:00:54]} g4 {[%emt 0:00:13]} 30. Rb1 {[%emt 0:00:20]} h5 {[%emt 0:00:05]} 31. R3b2 {[%emt 0:00:06]} Rd5 {[%emt 0:00:31]} 32. Rc2 {[%emt 0:00:29]} Rd3 {[%emt 0:00:45]} 33. Rcb2 {[%emt 0:00:21]} Rc3 {[%emt 0:01:07]} 34. Rd1 {[%emt 0:00:58]} Rxc5 {[%emt 0:00:22]} 35. Rd7 {[%emt 0:00:04]} Rd5 {[%emt 0:00:58]} 36. Rh7 {[%emt 0:00:37]} Kd6 {[%emt 0:00:50]} 37. Rc2 {[%emt 0:00:17]} Ke6 {[%emt 0:00:39]} 38. Rb2 {[%emt 0:00:20]} Rd7 {[%emt 0:00:22]} 39. Rxh5 {[%emt 0:00:07]} Ra8 {[%emt 0:00:02]} 40. Rh6+ {[%emt 0:00:13]} Ke5 {[%emt 0:00:05]} 41. h3 {[%emt 0:00:35]} gxh3 {[%emt 0:00:05]} 42. Rxh3 {[%emt 0:00:08]} Kf6 {[%emt 0:00:35]} 43. Rh5 {[%emt 0:00:27]} Kg6 {[%emt 0:00:04]} 44. g4 {[%emt 0:00:08]} Rf8 {[%emt 0:00:17]} 45. Rb1 {[%emt 0:00:33]} fxg4 {[%emt 0:00:07]} 46. Re5 {[%emt 0:00:07]} Rdf7 {[%emt 0:00:05]} 47. Rxe4 {[%emt 0:00:13]} Rxf2+ {[%emt 0:00:02]} 48. Kd3 {[%emt 0:00:02]} Rd8+ {[%emt 0:01:05]} 49. Kc3 {[%emt 0:00:05]} Kf5 {[%emt 0:00:19]} 50. Re7 {[%emt 0:00:28]} g3 {[%emt 0:00:01]} 51. Rbxb7 {[%emt 0:00:12]} Rg8 {[%emt 0:00:26]} 52. Rb1 {[%emt 0:00:46]} Kg4 {[%emt 0:00:13]} 53. Kd3 {[%emt 0:00:10]} g2 {[%emt 0:00:04]} 54. Rbb7 {[%emt 0:00:40]} Rg5 {[%emt 0:00:19]} 55. Rg7 {[%emt 0:00:07]} Rff5 {[%emt 0:00:04]} 56. Rxg5+ {[%emt 0:00:08]} Rxg5 {[%emt 0:00:02]} 57. Rb1 {[%emt 0:00:02]} Kf3 {[%emt 0:00:01]} 0-1

[Event "European Online Club-ch-C 2021"]
[Site "Online"]
[Date "2021.03.27"]
[Round "8.11"]
[White "Keymer, Vincent"]
[Black "Bouget, Alexandre"]
[Result "1-0"]
[WhiteElo "2591"]
[BlackElo "2247"]
[Annotator "ChessBase"]
[PlyCount "91"]
[EventDate "2021.03.27"]
[EventType "team-tourn"]
[EventCountry "NET"]
[SourceTitle "playchess.com"]
[Source "ChessBase"]
[SourceQuality "1"]
[TimeControl "900+5"]

1. Nf3 {[%emt 0:00:00]} d5 {[%emt 0:00:06]} 2. e3 {[%emt 0:00:02]} Nf6 {[%emt 0:00:22]} 3. c4 {[%emt 0:00:02]} g6 {[%emt 0:00:07]} 4. cxd5 {[%emt 0:00:06]} Nxd5 {[%emt 0:00:02]} 5. e4 {[%emt 0:00:02]} Nb6 {[%emt 0:00:03]} 6. a4 {[%emt 0:00:02]} a5 {[%emt 0:00:04]} 7. d4 {[%emt 0:00:02]} Bg7 {[%emt 0:00:02]} 8. Bb5+ {[%emt 0:00:02]} Bd7 {[%emt 0:00:36]} 9. O-O {[%emt 0:00:16]} O-O {[%emt 0:00:04]} 10. h3 {[%emt 0:00:36]} Nc6 {[%emt 0:00:54]} 11. Nc3 {[%emt 0:00:28]} Nb4 {[%emt 0:00:19]} 12. Bg5 {[%emt 0:00:22]} c6 {[%emt 0:00:24]} 13. Be2 {[%emt 0:00:06]} Be6 {[%emt 0:00:06]} 14. Qc1 {[%emt 0:00:18]} Bb3 {[%emt 0:00:49]} 15. Ra3 {[%emt 0:00:53]} Bc4 {[%emt 0:01:21]} 16. Rd1 {[%emt 0:00:19]} Rc8 {[%emt 0:03:20]} 17. Bh6 {[%emt 0:00:50]} Qe8 {[%emt 0:01:35]} 18. Bxc4 {[%emt 0:01:33]} Nxc4 {[%emt 0:00:03]} 19. Ra1 {[%emt 0:00:01]} f6 {[%emt 0:02:03]} 20. Bxg7 {[%emt 0:01:21]} Kxg7 {[%emt 0:00:00]} 21. Ne2 {[%emt 0:00:16]} Qf7 {[%emt 0:00:14]} 22. Nf4 {[%emt 0:00:30]} e5 {[%emt 0:00:34]} 23. dxe5 {[%emt 0:00:11]} Nxe5 {[%emt 0:00:15]} 24. Nd4 {[%emt 0:00:08]} Rfe8 {[%emt 0:00:09]} 25. Qc5 {[%emt 0:00:06]} Ra8 {[%emt 0:01:48]} 26. b3 {[%emt 0:01:41]} Kh8 {[%emt 0:00:05]} 27. Rd2 {[%emt 0:00:19]} Nd7 {[%emt 0:00:38]} 28. Qd6 {[%emt 0:00:45]} Rxe4 {[%emt 0:00:48]} 29. f3 {[%emt 0:01:26]} Qe7 {[%emt 0:00:14]} 30. Nde6 {[%emt 0:00:04]} Rxe6 {[%emt 0:00:16]} 31. Nxe6 {[%emt 0:00:10]} Qxd6 {[%emt 0:00:03]} 32. Rxd6 {[%emt 0:00:00]} Ne5 {[%emt 0:00:03]} 33. Rad1 {[%emt 0:00:08]} Nd5 {[%emt 0:00:05]} 34. Nc5 {[%emt 0:00:27]} Kg8 {[%emt 0:00:11]} 35. Nxb7 {[%emt 0:00:13]} Kf7 {[%emt 0:00:04]} 36. Rd8 {[%emt 0:00:28]} Ra7 {[%emt 0:00:06]} 37. Nc5 {[%emt 0:00:04]} g5 {[%emt 0:00:03]} 38. Rb8 {[%emt 0:00:08]} Re7 {[%emt 0:00:04]} 39. Rb7 {[%emt 0:00:07]} h5 {[%emt 0:00:07]} 40. Rxe7+ {[%emt 0:00:04]} Kxe7 {[%emt 0:00:00]} 41. Nb7 {[%emt 0:00:02]} Nc3 {[%emt 0:00:03]} 42. Rd2 {[%emt 0:00:07]} g4 {[%emt 0:00:09]} 43. hxg4 {[%emt 0:00:02]} hxg4 {[%emt 0:00:00]} 44. fxg4 {[%emt 0:00:04]} Nxg4 {[%emt 0:00:01]} 45. Nxa5 {[%emt 0:00:04]} f5 {[%emt 0:00:04]} 46. Nxc6+ {[%emt 0:00:02]} 1-0

[Event "European Online Club-ch-C 2021"]
[Site "Online"]
[Date "2021.03.27"]
[Round "8.12"]
[White "Lahoche, Dorian"]
[Black "Kollars, Dmitrij"]
[Result "0-1"]
[WhiteElo "2124"]
[BlackElo "2598"]
[Annotator "ChessBase"]
[PlyCount "66"]
[EventDate "2021.03.27"]
[EventType "team-tourn"]
[EventCountry "NET"]
[SourceTitle "playchess.com"]
[Source "ChessBase"]
[SourceQuality "1"]
[TimeControl "900+5"]

1. e4 {[%emt 0:00:00]} c5 {[%emt 0:00:05]} 2. Nc3 {[%emt 0:00:03]} Nc6 {[%emt 0:00:02]} 3. Bb5 {[%emt 0:00:01]} Nd4 {[%emt 0:00:02]} 4. Nf3 {[%emt 0:00:02]} a6 {[%emt 0:00:02]} 5. Bd3 {[%emt 0:00:02]} d6 {[%emt 0:00:07]} 6. Nxd4 {[%emt 0:00:08]} cxd4 {[%emt 0:00:00]} 7. Ne2 {[%emt 0:00:02]} e5 {[%emt 0:00:02]} 8. c3 {[%emt 0:00:04]} dxc3 {[%emt 0:00:10]} 9. dxc3 {[%emt 0:00:24]} Nf6 {[%emt 0:00:02]} 10. O-O {[%emt 0:00:15]} Be7 {[%emt 0:00:03]} 11. c4 {[%emt 0:00:23]} O-O {[%emt 0:00:06]} 12. Nc3 {[%emt 0:00:04]} Be6 {[%emt 0:00:09]} 13. Bd2 {[%emt 0:00:46]} Nd7 {[%emt 0:00:16]} 14. Rc1 {[%emt 0:00:27]} Bg5 {[%emt 0:00:17]} 15. Nd5 {[%emt 0:00:30]} Bxd5 {[%emt 0:00:56]} 16. cxd5 {[%emt 0:00:06]} a5 {[%emt 0:01:33]} 17. b3 {[%emt 0:01:55]} Nc5 {[%emt 0:00:14]} 18. Bxg5 {[%emt 0:00:03]} Qxg5 {[%emt 0:00:00]} 19. a3 {[%emt 0:00:16]} a4 {[%emt 0:03:13]} 20. bxa4 {[%emt 0:01:36]} Nxa4 {[%emt 0:00:07]} 21. Qe2 {[%emt 0:01:43]} Nc5 {[%emt 0:00:09]} 22. Rc3 {[%emt 0:00:08]} Ra4 {[%emt 0:00:08]} 23. Bc2 {[%emt 0:00:19]} Rd4 {[%emt 0:00:11]} 24. Rd1 {[%emt 0:00:26]} Ra8 {[%emt 0:00:32]} 25. Rg3 {[%emt 0:00:24]} Qf6 {[%emt 0:00:40]} 26. Rf3 {[%emt 0:01:36]} Qe7 {[%emt 0:00:02]} 27. Rh3 {[%emt 0:00:18]} h6 {[%emt 0:00:23]} 28. Rxd4 {[%emt 0:00:56]} exd4 {[%emt 0:00:00]} 29. f4 {[%emt 0:00:49]} Qf6 {[%emt 0:01:27]} 30. Rf3 {[%emt 0:01:39]} d3 {[%emt 0:00:04]} 31. Bxd3 {[%emt 0:00:11]} Qa1+ {[%emt 0:00:06]} 32. Rf1 {[%emt 0:00:23]} Qd4+ {[%emt 0:00:04]} 33. Kh1 {[%emt 0:00:03]} Qxd3 {[%emt 0:00:06]} 0-1

[Event "European Online Club-ch-C 2021"]
[Site "Online"]
[Date "2021.03.27"]
[Round "8.13"]
[White "Nguyen, Thai Dai Van"]
[Black "Markoja, Boris"]
[Result "1/2-1/2"]
[WhiteElo "2577"]
[BlackElo "2439"]
[Annotator "ChessBase"]
[PlyCount "72"]
[EventDate "2021.03.27"]
[EventType "team-tourn"]
[EventCountry "NET"]
[SourceTitle "playchess.com"]
[Source "ChessBase"]
[SourceQuality "1"]
[TimeControl "900+5"]

1. d4 {[%emt 0:00:00]} Nf6 {[%emt 0:00:02]} 2. c4 {[%emt 0:00:02]} e6 {[%emt 0:00:02]} 3. Nc3 {[%emt 0:00:01]} Bb4 {[%emt 0:00:02]} 4. Qc2 {[%emt 0:00:02]} b6 {[%emt 0:00:25]} 5. e4 {[%emt 0:00:35]} c5 {[%emt 0:00:02]} 6. d5 {[%emt 0:00:28]} Qe7 {[%emt 0:00:04]} 7. Nge2 {[%emt 0:00:06]} exd5 {[%emt 0:00:51]} 8. exd5 {[%emt 0:00:00]} d6 {[%emt 0:00:45]} 9. Bf4 {[%emt 0:00:48]} Bxc3+ {[%emt 0:01:11]} 10. Qxc3 {[%emt 0:00:09]} O-O {[%emt 0:00:16]} 11. O-O-O {[%emt 0:00:59]} b5 {[%emt 0:00:14]} 12. cxb5 {[%emt 0:00:23]} Nbd7 {[%emt 0:00:23]} 13. Ng3 {[%emt 0:00:21]} Nb6 {[%emt 0:00:18]} 14. Bg5 {[%emt 0:00:17]} Qe5 {[%emt 0:02:01]} 15. Qxe5 {[%emt 0:00:04]} dxe5 {[%emt 0:00:00]} 16. Bxf6 {[%emt 0:01:43]} gxf6 {[%emt 0:00:01]} 17. Bd3 {[%emt 0:00:00]} a6 {[%emt 0:00:33]} 18. bxa6 {[%emt 0:00:32]} c4 {[%emt 0:00:07]} 19. Bf5 {[%emt 0:00:28]} Rxa6 {[%emt 0:00:05]} 20. Kb1 {[%emt 0:01:26]} Bxf5+ {[%emt 0:00:32]} 21. Nxf5 {[%emt 0:00:00]} Rfa8 {[%emt 0:00:03]} 22. a3 {[%emt 0:02:10]} c3 {[%emt 0:00:37]} 23. d6 {[%emt 0:00:10]} cxb2 {[%emt 0:00:36]} 24. d7 {[%emt 0:00:03]} Rd8 {[%emt 0:02:48]} 25. Rd6 {[%emt 0:01:22]} Rxa3 {[%emt 0:00:59]} 26. Rhd1 {[%emt 0:02:43]} Nc4 {[%emt 0:03:32]} 27. R6d3 {[%emt 0:00:04]} Ra1+ {[%emt 0:00:15]} 28. Kc2 {[%emt 0:00:02]} Rxd1 {[%emt 0:00:20]} 29. Rxd1 {[%emt 0:00:04]} Kf8 {[%emt 0:00:09]} 30. f3 {[%emt 0:00:42]} Nb6 {[%emt 0:00:02]} 31. Rd6 {[%emt 0:00:15]} Nxd7 {[%emt 0:00:02]} 32. Kb1 {[%emt 0:00:12]} Ke8 {[%emt 0:00:03]} 33. Ng7+ {[%emt 0:00:03]} Ke7 {[%emt 0:00:05]} 34. Nf5+ {[%emt 0:00:01]} Ke8 {[%emt 0:00:01]} 35. Ng7+ {[%emt 0:00:20]} Ke7 {[%emt 0:00:03]} 36. Nf5+ {[%emt 0:00:02]} Ke8 {[%emt 0:00:06]} 1/2-1/2

[Event "European Online Club-ch-C 2021"]
[Site "Online"]
[Date "2021.03.27"]
[Round "8.14"]
[White "Subelj, Jan"]
[Black "Plat, Vojtech"]
[Result "0-1"]
[WhiteElo "2418"]
[BlackElo "2552"]
[Annotator "ChessBase"]
[PlyCount "100"]
[EventDate "2021.03.27"]
[EventType "team-tourn"]
[EventCountry "NET"]
[SourceTitle "playchess.com"]
[Source "ChessBase"]
[SourceQuality "1"]
[TimeControl "900+5"]

1. e4 {[%emt 0:00:00]} d6 {[%emt 0:00:05]} 2. d4 {[%emt 0:00:03]} Nf6 {[%emt 0:00:01]} 3. Nc3 {[%emt 0:00:05]} e5 {[%emt 0:00:03]} 4. Nf3 {[%emt 0:00:05]} exd4 {[%emt 0:00:03]} 5. Nxd4 {[%emt 0:00:02]} Be7 {[%emt 0:00:01]} 6. Bf4 {[%emt 0:00:03]} c6 {[%emt 0:00:03]} 7. Qd2 {[%emt 0:00:28]} b5 {[%emt 0:00:32]} 8. f3 {[%emt 0:00:03]} O-O {[%emt 0:00:03]} 9. O-O-O {[%emt 0:00:21]} b4 {[%emt 0:00:01]} 10. Na4 {[%emt 0:02:16]} Bd7 {[%emt 0:00:14]} 11. b3 {[%emt 0:00:27]} d5 {[%emt 0:00:02]} 12. Nf5 {[%emt 0:00:43]} Bxf5 {[%emt 0:00:17]} 13. exf5 {[%emt 0:00:03]} Re8 {[%emt 0:00:12]} 14. g4 {[%emt 0:00:04]} Bd6 {[%emt 0:00:02]} 15. Kb1 {[%emt 0:00:15]} a5 {[%emt 0:00:21]} 16. h4 {[%emt 0:00:05]} Bxf4 {[%emt 0:00:12]} 17. Qxf4 {[%emt 0:00:03]} Nbd7 {[%emt 0:00:03]} 18. h5 {[%emt 0:00:40]} h6 {[%emt 0:00:02]} 19. g5 {[%emt 0:00:08]} hxg5 {[%emt 0:00:02]} 20. Qxg5 {[%emt 0:00:03]} Nh7 {[%emt 0:00:01]} 21. Qg1 {[%emt 0:00:32]} Qg5 {[%emt 0:00:04]} 22. Bd3 {[%emt 0:00:03]} Qxg1 {[%emt 0:00:07]} 23. Rdxg1 {[%emt 0:00:02]} Kf8 {[%emt 0:00:02]} 24. h6 {[%emt 0:01:06]} gxh6 {[%emt 0:00:06]} 25. Rxh6 {[%emt 0:00:03]} Ndf6 {[%emt 0:01:12]} 26. Kb2 {[%emt 0:01:46]} Re3 {[%emt 0:00:13]} 27. Rg3 {[%emt 0:01:17]} Ke7 {[%emt 0:00:26]} 28. a3 {[%emt 0:00:06]} Rb8 {[%emt 0:02:10]} 29. Nc5 {[%emt 0:00:36]} Kd6 {[%emt 0:00:53]} 30. Na4 {[%emt 0:00:38]} Ke7 {[%emt 0:00:06]} 31. Nc5 {[%emt 0:00:11]} bxa3+ {[%emt 0:00:35]} 32. Kxa3 {[%emt 0:00:03]} Rb4 {[%emt 0:00:02]} 33. Na6 {[%emt 0:01:00]} Rb6 {[%emt 0:02:00]} 34. Nc5 {[%emt 0:00:02]} Rb4 {[%emt 0:00:56]} 35. Na6 {[%emt 0:00:04]} Rf4 {[%emt 0:01:04]} 36. Rg7 {[%emt 0:00:44]} a4 {[%emt 0:01:55]} 37. Nb4 {[%emt 0:02:40]} axb3 {[%emt 0:00:14]} 38. Nxc6+ {[%emt 0:00:14]} Kf8 {[%emt 0:00:04]} 39. Rgxh7 {[%emt 0:00:15]} bxc2 {[%emt 0:00:12]} 40. Rh8+ {[%emt 0:00:19]} Kg7 {[%emt 0:00:03]} 41. Kb2 {[%emt 0:00:03]} Rxd3 {[%emt 0:00:15]} 42. Kxc2 {[%emt 0:00:05]} Rdxf3 {[%emt 0:00:02]} 43. Ne5 {[%emt 0:00:25]} Re3 {[%emt 0:00:04]} 44. Nd3 {[%emt 0:00:15]} Rff3 {[%emt 0:00:11]} 45. Nc1 {[%emt 0:00:02]} Rf2+ {[%emt 0:00:04]} 46. Kd1 {[%emt 0:00:02]} Rg3 {[%emt 0:00:21]} 47. Rh1 {[%emt 0:00:02]} Ne4 {[%emt 0:00:07]} 48. R8h7+ {[%emt 0:00:03]} Kf6 {[%emt 0:00:04]} 49. R7h6+ {[%emt 0:00:11]} Ke5 {[%emt 0:00:02]} 50. Nd3+ {[%emt 0:00:04]} Rxd3+ {[%emt 0:00:03]} 0-1

[Event "European Online Club-ch-C 2021"]
[Site "Online"]
[Date "2021.03.27"]
[Round "8.15"]
[White "Stocek, Jiri"]
[Black "Skuhala, Jernej"]
[Result "1-0"]
[WhiteElo "2604"]
[BlackElo "2351"]
[Annotator "ChessBase"]
[PlyCount "49"]
[EventDate "2021.03.27"]
[EventType "team-tourn"]
[EventCountry "NET"]
[SourceTitle "playchess.com"]
[Source "ChessBase"]
[SourceQuality "1"]
[TimeControl "900+5"]

1. c4 {[%emt 0:00:00]} Nf6 {[%emt 0:00:02]} 2. Nc3 {[%emt 0:00:04]} e6 {[%emt 0:00:02]} 3. e4 {[%emt 0:00:06]} c5 {[%emt 0:00:01]} 4. e5 {[%emt 0:00:07]} Ng8 {[%emt 0:00:01]} 5. Nf3 {[%emt 0:00:08]} Nc6 {[%emt 0:00:01]} 6. d4 {[%emt 0:00:02]} cxd4 {[%emt 0:00:01]} 7. Nxd4 {[%emt 0:00:02]} Nxe5 {[%emt 0:00:02]} 8. Ndb5 {[%emt 0:00:05]} a6 {[%emt 0:00:13]} 9. Nd6+ {[%emt 0:00:04]} Bxd6 {[%emt 0:00:02]} 10. Qxd6 {[%emt 0:00:02]} f6 {[%emt 0:00:01]} 11. Be3 {[%emt 0:00:04]} Nf7 {[%emt 0:00:03]} 12. Qg3 {[%emt 0:00:12]} Ne7 {[%emt 0:00:10]} 13. Qxg7 {[%emt 0:00:24]} Nf5 {[%emt 0:00:03]} 14. Qg4 {[%emt 0:00:05]} Nxe3 {[%emt 0:00:03]} 15. fxe3 {[%emt 0:00:02]} Qb6 {[%emt 0:00:02]} 16. O-O-O {[%emt 0:00:07]} Qxe3+ {[%emt 0:00:04]} 17. Kb1 {[%emt 0:00:20]} Qg5 {[%emt 0:01:36]} 18. Qd4 {[%emt 0:01:12]} Qe5 {[%emt 0:00:44]} 19. Qf2 {[%emt 0:00:23]} O-O {[%emt 0:03:44]} 20. Bd3 {[%emt 0:00:30]} f5 {[%emt 0:00:06]} 21. g4 {[%emt 0:02:02]} Kh8 {[%emt 0:03:15]} 22. Qh4 {[%emt 0:02:44]} Qf4 {[%emt 0:00:50]} 23. Qf6+ {[%emt 0:01:06]} Kg8 {[%emt 0:00:11]} 24. gxf5 {[%emt 0:00:02]} Ng5 {[%emt 0:00:07]} 25. Qh6 {[%emt 0:00:20]} 1-0

[Event "European Online Club-ch-C 2021"]
[Site "Online"]
[Date "2021.03.27"]
[Round "8.16"]
[White "Marn, Jan"]
[Black "Hracek, Zbynek"]
[Result "1/2-1/2"]
[WhiteElo "2346"]
[BlackElo "2565"]
[Annotator "ChessBase"]
[PlyCount "90"]
[EventDate "2021.03.27"]
[EventType "team-tourn"]
[EventCountry "NET"]
[SourceTitle "playchess.com"]
[Source "ChessBase"]
[SourceQuality "1"]
[TimeControl "900+5"]

1. Nf3 {[%emt 0:00:00]} c5 {[%emt 0:00:04]} 2. g3 {[%emt 0:00:05]} Nc6 {[%emt 0:00:01]} 3. Bg2 {[%emt 0:00:02]} g6 {[%emt 0:00:01]} 4. O-O {[%emt 0:00:21]} Bg7 {[%emt 0:00:02]} 5. c4 {[%emt 0:00:05]} e5 {[%emt 0:00:03]} 6. Nc3 {[%emt 0:00:06]} d6 {[%emt 0:00:02]} 7. a3 {[%emt 0:00:47]} Nge7 {[%emt 0:00:27]} 8. b4 {[%emt 0:00:22]} Be6 {[%emt 0:00:26]} 9. bxc5 {[%emt 0:00:27]} dxc5 {[%emt 0:00:00]} 10. Rb1 {[%emt 0:00:02]} b6 {[%emt 0:00:44]} 11. d3 {[%emt 0:00:08]} h6 {[%emt 0:00:09]} 12. e4 {[%emt 0:00:12]} O-O {[%emt 0:00:16]} 13. Nd5 {[%emt 0:00:14]} f5 {[%emt 0:00:34]} 14. Nxe7+ {[%emt 0:01:14]} Qxe7 {[%emt 0:01:08]} 15. exf5 {[%emt 0:00:03]} gxf5 {[%emt 0:00:10]} 16. Nh4 {[%emt 0:00:03]} Qe8 {[%emt 0:00:45]} 17. Bb2 {[%emt 0:02:03]} Rd8 {[%emt 0:00:05]} 18. Qe2 {[%emt 0:00:32]} e4 {[%emt 0:01:25]} 19. dxe4 {[%emt 0:00:55]} f4 {[%emt 0:01:08]} 20. e5 {[%emt 0:01:34]} Nd4 {[%emt 0:00:02]} 21. Bxd4 {[%emt 0:00:02]} Rxd4 {[%emt 0:00:00]} 22. Bd5 {[%emt 0:01:39]} Bxd5 {[%emt 0:00:24]} 23. cxd5 {[%emt 0:00:00]} fxg3 {[%emt 0:02:11]} 24. fxg3 {[%emt 0:00:45]} Rxf1+ {[%emt 0:00:03]} 25. Rxf1 {[%emt 0:00:01]} Qxe5 {[%emt 0:00:02]} 26. Rf8+ {[%emt 0:00:04]} Kh7 {[%emt 0:00:12]} 27. Qc2+ {[%emt 0:00:03]} Qe4 {[%emt 0:00:12]} 28. Qxe4+ {[%emt 0:00:14]} Rxe4 {[%emt 0:00:00]} 29. Rf7 {[%emt 0:00:01]} Kg8 {[%emt 0:00:17]} 30. Rxa7 {[%emt 0:00:03]} c4 {[%emt 0:02:47]} 31. Nf5 {[%emt 0:02:59]} Bd4+ {[%emt 0:00:02]} 32. Kf1 {[%emt 0:00:02]} c3 {[%emt 0:00:46]} 33. Nxd4 {[%emt 0:01:12]} Rxd4 {[%emt 0:00:00]} 34. Rc7 {[%emt 0:00:02]} Rxd5 {[%emt 0:00:04]} 35. Rxc3 {[%emt 0:00:01]} Rd2 {[%emt 0:00:01]} 36. Kg1 {[%emt 0:00:06]} Ra2 {[%emt 0:00:07]} 37. Rc6 {[%emt 0:00:21]} Kg7 {[%emt 0:00:03]} 38. Rc7+ {[%emt 0:00:02]} Kg6 {[%emt 0:00:16]} 39. Rc6+ {[%emt 0:00:04]} Kg7 {[%emt 0:00:02]} 40. Rxb6 {[%emt 0:00:05]} Rxa3 {[%emt 0:00:02]} 41. Kg2 {[%emt 0:00:01]} Ra2+ {[%emt 0:00:03]} 42. Kh3 {[%emt 0:00:02]} Rc2 {[%emt 0:00:02]} 43. g4 {[%emt 0:00:07]} Ra2 {[%emt 0:00:02]} 44. Kg3 {[%emt 0:00:02]} Rc2 {[%emt 0:00:04]} 45. Kh4 {[%emt 0:00:12]} Rxh2+ {[%emt 0:00:03]} 1/2-1/2

[Event "European Online Club-ch-C 2021"]
[Site "Online"]
[Date "2021.03.27"]
[Round "8.17"]
[White "Delgado Ramirez, Neuris"]
[Black "Babula, Vlastimil"]
[Result "1/2-1/2"]
[WhiteElo "2615"]
[BlackElo "2559"]
[Annotator "ChessBase"]
[PlyCount "76"]
[EventDate "2021.03.27"]
[EventType "team-tourn"]
[EventCountry "NET"]
[SourceTitle "playchess.com"]
[Source "ChessBase"]
[SourceQuality "1"]
[TimeControl "900+5"]

1. e4 {[%emt 0:00:00]} c5 {[%emt 0:00:05]} 2. Nf3 {[%emt 0:00:03]} d6 {[%emt 0:00:05]} 3. d4 {[%emt 0:00:17]} cxd4 {[%emt 0:00:03]} 4. Nxd4 {[%emt 0:00:02]} Nf6 {[%emt 0:00:02]} 5. Nc3 {[%emt 0:00:02]} e6 {[%emt 0:00:02]} 6. Nb3 {[%emt 0:00:04]} Nc6 {[%emt 0:00:15]} 7. g4 {[%emt 0:00:04]} h6 {[%emt 0:00:02]} 8. Be3 {[%emt 0:00:06]} d5 {[%emt 0:00:22]} 9. exd5 {[%emt 0:00:33]} exd5 {[%emt 0:00:09]} 10. h3 {[%emt 0:00:06]} Bb4 {[%emt 0:00:48]} 11. Qd3 {[%emt 0:02:11]} Be6 {[%emt 0:03:37]} 12. O-O-O {[%emt 0:00:26]} Rc8 {[%emt 0:00:23]} 13. f4 {[%emt 0:00:22]} O-O {[%emt 0:00:24]} 14. Bg2 {[%emt 0:00:44]} Bxc3 {[%emt 0:01:55]} 15. bxc3 {[%emt 0:01:59]} d4 {[%emt 0:00:06]} 16. Bxd4 {[%emt 0:02:01]} Nxd4 {[%emt 0:01:13]} 17. Qxd4 {[%emt 0:00:30]} Qc7 {[%emt 0:00:09]} 18. Qe5 {[%emt 0:00:22]} Qxe5 {[%emt 0:01:02]} 19. fxe5 {[%emt 0:00:03]} Nd7 {[%emt 0:00:02]} 20. Nd4 {[%emt 0:02:50]} Bxa2 {[%emt 0:01:00]} 21. Kb2 {[%emt 0:00:52]} Bc4 {[%emt 0:00:05]} 22. Nf5 {[%emt 0:00:06]} Rc7 {[%emt 0:00:04]} 23. Rhe1 {[%emt 0:00:04]} Nc5 {[%emt 0:00:24]} 24. Re3 {[%emt 0:00:18]} Be6 {[%emt 0:00:20]} 25. Ka3 {[%emt 0:00:25]} b5 {[%emt 0:00:30]} 26. Nd6 {[%emt 0:00:03]} a6 {[%emt 0:00:28]} 27. Bd5 {[%emt 0:00:25]} Rb8 {[%emt 0:00:34]} 28. Bxe6 {[%emt 0:00:09]} Nxe6 {[%emt 0:00:04]} 29. Kb4 {[%emt 0:00:58]} a5+ {[%emt 0:00:38]} 30. Ka3 {[%emt 0:01:04]} b4+ {[%emt 0:00:50]} 31. cxb4 {[%emt 0:00:04]} Rxb4 {[%emt 0:00:02]} 32. c4 {[%emt 0:00:09]} Nc5 {[%emt 0:00:19]} 33. Rd5 {[%emt 0:00:02]} Rc6 {[%emt 0:01:04]} 34. Ka2 {[%emt 0:00:17]} a4 {[%emt 0:00:09]} 35. Ka3 {[%emt 0:00:04]} Rb1 {[%emt 0:00:07]} 36. Ka2 {[%emt 0:00:02]} Rb4 {[%emt 0:00:04]} 37. Ka3 {[%emt 0:00:02]} Rb1 {[%emt 0:00:02]} 38. Ka2 {[%emt 0:00:01]} Rb4 {[%emt 0:00:02]} 1/2-1/2